Yleistieto - toinen maailmansota #1 - Statistics

Yleistilastot
  • Tätä visaa on pelattu 1 267 kertaa
  • Keskiarvotulos 14 / 24
Vastaustilastot
Vihje Vastaus % Oikein
Saksa hyökkäsi tähän valtioon 1. syyskuuta 1939 Puola
96%
Saksan führer Adolf Hitler
86%
Suomen marsalkka Carl Gustaf Emil Mannerheim
85%
Venäjän diktaattori Josif Stalin
85%
Nimitys japanilaiselle itsemurhalentäjälle Kamikaze
76%
Japani hyökkäsi tänne 7. joulukuuta 1941 Pearl Harbor
76%
Italian duce Benito Mussolini
75%
Saksalaisten nopea sotimistaktiikka Salamasota
73%
Yhdistyneen kuningaskunnan pääministeri suurimman osan sodasta Winston Churchill
72%
Neuvostoliiton lavastama ampumavälikohtaus, joka johti talvisotaan Mainilan laukaukset
71%
Suurin keskitysleiri Auschwitz
62%
Yhdysvaltain presidentit Franklin D. Roosevelt
55%
Nimitys päivämäärälle 6. kesäkuuta 1944 D-Day
53%
Saksan ilmavoimien nimi Luftwaffe
53%
Yhdysvaltain ydinaseohjelma {Manhattan}-projekti
49%
Japanin keisari Hirohito
47%
Puolalaiset ja brittiläiset mursivat tämän saksalaisen laitteen salauksen Enigma
41%
Helmikuussa 1945 lähes kokonaan pommituksissa tuhottu Saksan kaupunki Dresden
40%
Yhdysvaltain presidentit Harry Truman
36%
Yhdistyneen kuningaskunnan kuningas Yrjö VI
34%
Liittoutuneiden ylin johtaja Euroopassa Dwight Eisenhower
29%
Nimitys saksalaiselle sukellusveneelle U-vene
27%
Tyynenmeren sotanäyttämön käännekohta {Midwayn} taistelu
25%
Liittoutuneiden joukkoja evakuoitiin tämän Ranskan kaupungin kautta vuonna 1940 Dunkerque
18%
Ehtoja vastaavia visoja ei löytynyt
Tulosjakauma
Jokaisen tuloksen saaneiden osuus
Persentiili vastausten määrän mukaan
Tuloshistoriasi
Et ole pelannut tätä visaa